Statistics for Taylor Swift - Cold As You Lyrics

Click here to take the quiz!

General Stats

  • This quiz has been taken 16 times
  • The average score is 215 of 246

Answer Stats

Answer% Correct
a
100%
anywhere
100%
as
100%
been
100%
cold
100%
do
100%
feel
100%
have
100%
here
100%
I
100%
if
100%
I'm
100%
it
100%
I've
100%
know
100%
me
100%
never
100%
no
100%
now
100%
Now
100%
of
100%
Of
100%
say
100%
so
100%
So
100%
that
100%
the
100%
to
100%
want
100%
way
100%
what
100%
What
100%
when
100%
you
100%
you,
100%
You
100%
all
83%
And
83%
and
83%
away
83%
best
83%
But
83%
'cause
83%
cried
83%
cried,
83%
damn
83%
did
83%
every
83%
for
83%
give
83%
is
83%
just
83%
Just
83%
loving
83%
made
83%
Oh,
83%
sittin'
83%
smile
83%
take
83%
take,
83%
them
83%
there
83%
thinkin'
83%
through
83%
very
83%
walk
83%
wanted
83%
will
83%
with
83%
wouldn't
83%
you've
83%
adore
67%
come
67%
coming
67%
condescending
67%
Countin'
67%
day
67%
defending
67%
died
67%
died,
67%
Died
67%
dreamer
67%
easily
67%
ending
67%
fake
67%
fight
67%
given
67%
gray
67%
great
67%
honey
67%
little
67%
mess
67%
need
67%
nerve
67%
nobody
67%
not
67%
paint
67%
perfect
67%
put
67%
rainy
67%
scars
67%
shade
67%
shame
67%
somethin'
67%
start
67%
stood
67%
story
67%
thing,
67%
told
67%
up
67%
use
67%
walls
67%
wished
67%
words
67%
Ain't
50%

Score Distribution

Percentile by Number Answered

Percent of People with Each Score

Your Score History

You have not taken this quiz